000 00964nam a2200313 i 4500
001 000002214
003 DO-SdBNP
005 20251203091641.0
007 ta
008 090701s2009 dr 000 0 spa d
020 _a9789945410440
040 _aDO-SdBNP
_bspa
_cBNPHU
_erda
041 _aspa
082 4 _a781.57
_bH936g
_222
100 1 _aHungría, Jimmy,
_d1956-
_eautor
_4aut.
_91196
245 1 0 _aGastronomía musical y bibliografías en construcción /
_cJimmy Hungría.
250 _aPrimera edición
264 1 _aSanto Domingo :
_bLetra Gráfica,
_c2009.
300 _a62 páginas ;
_c22 cm.
336 _atexto
_btxt
_2rdacontent
337 _asin mediación
_bn
_2rdamedia
338 _avolumen
_bnc
_2rdacarrier
500 _aIncluye datos biográficos del autor en la solapa de la cubierta
590 _aInventariado, 2025/BT
650 4 _aMúsica de jazz
_97081
650 0 _aÓpera
_92832
650 4 _aGastronomía
_9362
942 _2ddc
_cLBS1
999 _c2062
_d2062